logo

Bir Sreshtho Munshi Abdur Rouf Library
Jhenaidah Cadet College

Elements of vibration analysis / (Record no. 8995)

MARC details
000 -LEADER
fixed length control field 00660nam a2200253 a 4500
001 - CONTROL NUMBER
control field 8995
003 - CONTROL NUMBER IDENTIFIER
control field BD-JhCC
005 - DATE AND TIME OF LATEST TRANSACTION
control field 20180306163751.0
008 - FIXED-LENGTH DATA ELEMENTS--GENERAL INFORMATION
fixed length control field 180306s1975 nyua b 001 0 eng
020 ## - INTERNATIONAL STANDARD BOOK NUMBER
International Standard Book Number 0070413401
035 ## - SYSTEM CONTROL NUMBER
System control number (BD-JhCC)8995
040 ## - CATALOGING SOURCE
Original cataloging agency BD-JhCC
Transcribing agency BD-JhCC
041 ## - LANGUAGE CODE
Language code of text/sound track or separate title BE
082 ## - DEWEY DECIMAL CLASSIFICATION NUMBER
Classification number 531.32
Item number MEI 1975
092 ## - LOCALLY ASSIGNED DEWEY CALL NUMBER (OCLC)
Classification number D0500688256
092 ## - LOCALLY ASSIGNED DEWEY CALL NUMBER (OCLC)
Classification number 10638148
100 1# - MAIN ENTRY--PERSONAL NAME
Personal name Meirovitch, Leonard.
245 10 - TITLE STATEMENT
Title Elements of vibration analysis /
Statement of responsibility, etc. Leonard Meirovitch.
260 ## - PUBLICATION, DISTRIBUTION, ETC.
Place of publication, distribution, etc. New York ;
-- London :
Name of publisher, distributor, etc. McGraw-Hill,
Date of publication, distribution, etc. 1975.
300 ## - PHYSICAL DESCRIPTION
Extent xv, 495 p. :
Other physical details ill. ;
Dimensions 24 cm.
500 ## - GENERAL NOTE
General note Includes index.
650 #0 - SUBJECT ADDED ENTRY--TOPICAL TERM
Topical term or geographic name entry element Vibration.
942 ## - ADDED ENTRY ELEMENTS (KOHA)
Source of classification or shelving scheme Dewey Decimal Classification
Koha item type Books
Holdings
Withdrawn status Lost status Source of classification or shelving scheme Damaged status Not for loan Home library Current library Shelving location Date acquired Total Checkouts Full call number Barcode Date last seen Copy number Price effective from Koha item type
    Dewey Decimal Classification     JCC Rouf Library JCC Rouf Library General Stacks 03/06/2018   531.32 MEI 1975 11667 03/06/2018 C-1 03/06/2018 Books

JCC Library | Contacts | JCC Home

Last Update on 23 September 2017
Copyright @ 2017-2020 JCC Rouf Library
Rouf Library, Jhenidah Cadet College (JCC), Bangladesh